000
00265nam a2200097 a 4500
005
20140414132002.0
008
110216s19uu xx 00 eng d
050
_a
TR 790.1
_b
C43 2004
245
_a
A child's first library of learning activity book 4.
999
_c
113083
_d
113083